Sobre algunas consecuencias prácticas de ciertas posiciones metodológicas en sociología, con especial referencia a la orientación de los estudios sociológicos en la América Latina /
שמור ב:
| מחבר ראשי: | |
|---|---|
| פורמט: | Texto |
| נושאים: | |
| תגים: |
הוספת תג
אין תגיות, היה/י הראשונ/ה לתייג את הרשומה!
|
MARC
| LEADER | 00000 a a2200000 04500 | ||
|---|---|---|---|
| 001 | 41482 | ||
| 003 | |||
| 040 | |||
| 100 | |a Germani, Gino | ||
| 245 | |a Sobre algunas consecuencias prácticas de ciertas posiciones metodológicas en sociología, con especial referencia a la orientación de los estudios sociológicos en la América Latina / |c Gino Germani | ||
| 590 | |a EFU/OCTUBRE2011 | ||
| 650 | |a 1.SOCIOLOGOS | ||
| 650 | |a 2.EPISTEMOLOGIA | ||
| 650 | |a 3.TEORIA | ||
| 650 | |a 4.CIENCIAS SOCIALES | ||
| 650 | |a 5.AMERICA LATINA | ||
| 773 | |g páginas 346-362 | ||
| 999 | |c 26908 |d 26908 | ||
